Mujeres despiertas /
Se enfatiza en la problemática de la mujer en la sociedad. Se le hace una entrevista a doña Alicia Albertazi, quien, en forma clara, se manifiesta a favor de una mayor igualdad para la mujer en todos los aspectos de la vida social y política. Comenta también acerca de su ideología, de su juventud, d...
Furkejuvvon:
| Váldodahkki: | |
|---|---|
| Materiálatiipa: | Texto |
| Fáttát: | |
| Fáddágilkorat: |
Lasit fáddágilkoriid
Eai fáddágilkorat, Lasit vuosttaš fáddágilkora!
|
MARC
| LEADER | 00000 a a2200000 04500 | ||
|---|---|---|---|
| 001 | 1745 | ||
| 003 | |||
| 040 | |||
| 100 | |a Soley, Rosa María | ||
| 245 | |a Mujeres despiertas / |c Rosa María Soley | ||
| 520 | |a Se enfatiza en la problemática de la mujer en la sociedad. Se le hace una entrevista a doña Alicia Albertazi, quien, en forma clara, se manifiesta a favor de una mayor igualdad para la mujer en todos los aspectos de la vida social y política. Comenta también acerca de su ideología, de su juventud, de como la mujer (en comparación con la de su época de juventud) ha logrado avances importantes en cuanto a su papel dentro de la sociedad. La mujer debe tener el derecho de opinar libremente acerca de los diferentes problemas sociales, pero para ello necesita conocer bien la sociedad y su desarrolo, y no estar encerrada dentro de cuatro paredes. /eb | ||
| 650 | |a MUJERES | ||
| 650 | |a IGUALDAD DE OPORTUNIDADES | ||
| 650 | |a DISCRIMINACION BASADA EN EL SEXO | ||
| 650 | |a OPINION PUBLICA | ||
| 650 | |a PROBLEMAS SOCIALES | ||
| 773 | |g número 54; páginas 19-20 | ||
| 999 | |c 37924 |d 37924 | ||
